header

Innovation, science, environment (Record no. 191007)

MARC details
000 -LEADER
fixed length control field 01754nam a2200409Ia 4500
082 04 - DEWEY DECIMAL CLASSIFICATION NUMBER
Classification number 352.7/450971
245 00 - TITLE STATEMENT
Title Innovation, science, environment
260 ## - PUBLICATION, DISTRIBUTION, ETC. (IMPRINT)
Place of publication Montreal ;
-- Ithaca :
Name of publisher Published for the School of Public Policy and Administration, Carleton University by McGill-Queen's University Press,
Year of publication c2007.
300 ## - PHYSICAL DESCRIPTION
Number of Pages viii, 309 p. :
Other physical details ill.
650 #0 - SUBJECT ADDED ENTRY--TOPICAL TERM
Topical Term Technological innovations
Topical Term Science and state
Topical Term Environmental policy
Topical Term Research institutes
Topical Term Technological innovations
Topical Term Science and state.
Topical Term Environmental policy.
700 1# - ADDED ENTRY--PERSONAL NAME
Personal name Doern, G. Bruce.
856 40 - ELECTRONIC LOCATION AND ACCESS
Uniform Resource Identifier http://site.ebrary.com/lib/rucke/Doc?id=10558961

No items available.

© 2026 Rongo University
Contact us: librarian | system librarian | Rongo university